| 000 | 00647nam a22002177a 4500 | ||
|---|---|---|---|
| 999 |
_c8151 _d8151 |
||
| 003 | AR-CdUCM | ||
| 008 | 190322b ||||| |||| 00| 0 spa d | ||
| 020 | _a84-7505-190-1 | ||
| 040 |
_aMUNICIPALIDAD PROVINCIAL DEL CUSCO _cBIBLIOTECA MUNICIPAL DEL CUSCO |
||
| 082 |
_a708 / _bM98 |
||
| 245 | _aMuseos de Florencia / | ||
| 260 |
_aBarcelona : _bOceano, |
||
| 300 |
_a238 paginas ; _bIlustraciones, _c31 cm. |
||
| 505 | _aContenido :Museo de Florencia / | ||
| 650 |
_aMuseos de arte _922933 |
||
| 650 |
_aCataglogos _923003 |
||
| 650 |
_aParĂs _93089 |
||
| 700 |
_aEmma Micheletti (directora ) _923004 |
||
| 942 |
_2ddc _cLIBROS |
||
| 945 | _arjall | ||